[Event "Dvoretsky Mem Classical"]
[Site "Moscow RUS"]
[Date "2022.12.12"]
[Round "6.1"]
[White "Makarian, Rudik"]
[Black "Dreev, A."]
[Result "1-0"]
[WhiteElo "2554"]
[BlackElo "2606"]
[PlyCount "73"]
[EventDate "2022.12.10"]
[WhiteTeam "Russian Juniors"]
[BlackTeam "Dvoretsky's Disciples"]

1. Nf3 d5 2. g3 c6 3. Bg2 Bg4 4. Ne5 Bf5 5. d3 ({RR} 5. c4 e6 6. d4 Nd7 7. O-O Ngf6 8. Nc3 Be7 9. Qb3 Qb6 10. Nxd7 Nxd7 11. c5 Qxb3 12. axb3 e5 13. b4 exd4 14. Nxd5 cxd5 15. Bxd5 O-O 16. Bxb7 Rab8 17. c6 Nb6 18. Bf4 Rbe8 19. b5 g5 {Predke,A (2688)-Rychagov,A (2549) Chess.com INT 2022 0-1 (49)}) 5... Nf6 ({RR} 5... Nd7 6. Nxd7 Qxd7 7. e4 Bg4 8. f3 Bh3 9. Bxh3 Qxh3 10. Qe2 dxe4 11. dxe4 e5 12. Be3 Qe6 13. Nd2 Nf6 14. Qc4 Qd7 15. O-O-O Qc7 16. Qc3 Nd7 17. f4 a5 18. Nc4 Bb4 19. Qd3 O-O-O 20. a3 {Makarian,R (2550)-Frolyanov,D (2479) chess.com INT 2024 1-0}) 6. Nd2 Nbd7 7. e4 $146 ({RR} 7. Nxd7 Qxd7 8. e4 dxe4 9. Nxe4 Nxe4 10. dxe4 Qxd1+ 11. Kxd1 Bg4+ 12. f3 Be6 13. Be3 g6 14. c3 Bg7 15. Kc2 h5 16. h3 O-O 17. f4 Rfd8 18. Rad1 {½-½ (18) Forster,R (1955)-Schmid,S (1875) Vorarlberg 1996}) 7... Nxe5 8. exf5 g6 9. Qe2 Qc7 10. Nb3 Ned7 11. Bf4 Qb6 12. Bh3 gxf5 13. Bxf5 e6 14. O-O O-O-O 15. Bh3 h5 16. a4 Bh6 17. Bd6 Bf8 18. a5 Qa6 19. Bf4 Bh6 20. Bd6 Bf8 21. Bxf8 Rdxf8 22. c4 Rfg8 23. Rfc1 h4 24. Bf1 Ng4 25. h3 Nge5 26. Nc5 Nxc5 27. Qxe5 Nb3 28. cxd5 Nxc1 29. dxe6 hxg3 30. exf7 gxf2+ 31. Kh2 Rd8 32. Rxc1 b5 33. Bg2 Qb7 34. Bxc6 Rxh3+ 35. Kxh3 f1=Q+ 36. Rxf1 Qxc6 37. f8=Q 1-0

[Event "70th ch-HUN 2022"]
[Site "Budapest HUN"]
[Date "2022.12.07"]
[Round "3.5"]
[White "Prohaszka, P2."]
[Black "Horvath, Cs1"]
[Result "1-0"]
[WhiteElo "2562"]
[BlackElo "2502"]
[PlyCount "85"]
[EventDate "2022.12.05"]

1. Nf3 d5 2. g3 c5 3. Bg2 Nc6 4. d4 e6 5. O-O Nf6 6. c4 dxc4 7. dxc5 Qxd1 8. Rxd1 Bxc5 9. Nbd2 c3 10. bxc3 O-O 11. Nb3 Be7 12. c4 Bd7 13. Bb2 Rfc8 14. Rac1 Be8 15. Nfd4 a5 16. Nxc6 ({RR} 16. Nb5 a4 17. N3d4 Nxd4 18. Bxd4 Bxb5 19. cxb5 Nd5 20. Bxd5 exd5 21. Be3 f6 22. Rxd5 Rxc1+ 23. Bxc1 Rc8 24. Be3 Rc2 25. Rd2 Rxd2 26. Bxd2 Kf7 27. e4 Ke6 28. Bc3 Ba3 29. f4 Kd6 30. e5+ fxe5 {Gauri,S (2360)-Kaliksteyn,A (2337) New York USA 2025 1-0 (49)}) 16... Bxc6 17. Bxc6 bxc6 ({RR} 17... Rxc6 18. Nd4 Rcc8 19. Nb5 a4 20. Bxf6 Bxf6 21. Rd7 b6 22. Rb7 Rab8 23. Ra7 Ra8 24. Rb7 Rab8 25. Ra7 Ra8 26. Rb7 {½-½ (26) So,W (2776)-Anand,V (2751) Warsaw 2022}) 18. Rc2 $146 ({RR} 18. Bxf6 gxf6 19. Rb1 a4 20. Nc1 e5 21. Rb7 Rd8 22. Nd3 Kf8 23. f3 Rab8 24. Rxb8 Rxb8 25. g4 Ba3 26. Kf2 Ke7 27. Ke3 Rd8 28. Kd2 e4 29. fxe4 Rd4 30. Rb1 Bd6 31. Kc3 Rxe4 32. h3 Rxe2 {Li Shilong (2419)-Jiang,Q (2220) Hangzhou CHN 2023 ½-½ (63)}) 18... a4 19. Nc1 Rcb8 20. Nd3 Nd7 21. Kg2 Rb7 22. Bc3 f6 23. f4 Kf7 24. Kf3 Ke8 25. g4 Rab8 26. Rb2 Rxb2 27. Bxb2 Nc5 28. Bc3 Nxd3 29. exd3 Kf7 30. d4 Bd6 31. h4 h5 32. gxh5 f5 33. d5 exd5 34. cxd5 Rc8 35. Rg1 Bf8 36. d6 Rd8 37. Be5 Bxd6 38. Rxg7+ Kf8 39. h6 Bxe5 40. fxe5 Rd4 41. e6 Rxh4 42. e7+ Ke8 43. h7 1-0

[Event "3rd elllobregat Open 2022"]
[Site "Sant Boi ESP"]
[Date "2022.12.08"]
[Round "9.10"]
[White "Kaidanov, G."]
[Black "Donchenko, Alexa"]
[Result "1-0"]
[WhiteElo "2549"]
[BlackElo "2636"]
[PlyCount "73"]
[EventDate "2022.11.30"]
[EventType "swiss"]

1. Nf3 d5 2. g3 Nc6 3. d4 Bf5 4. Bg2 Nb4 5. Na3 e6 6. O-O Be7 7. c3 Nc6 8. Qa4 Nf6 9. Ne5 O-O 10. Nxc6 bxc6 11. Qxc6 Rb8 12. c4 Qc8 13. Qa4 Rb4 14. Qd1 c5 15. b3 cxd4 16. Bb2 e5 $146 ({RR} 16... Rd8 17. Qxd4 dxc4 18. Qxa7 Rd7 19. Qe3 cxb3 20. axb3 Nd5 21. Bxd5 exd5 22. Qe5 Bf6 23. Qxf5 Bxb2 24. Nc2 Rb8 25. Ra2 g6 26. Qd3 Bc3 27. Rb1 d4 28. Ra4 Qe8 29. e3 Rdb7 30. Rc4 Qe6 31. b4 {Motylev,A (2591)-Grieve,H (2472) Asnieres-sur-Seine FRA 2025 1-0 (37)}) 17. cxd5 Bh3 18. Nc4 Rd8 19. d6 Bf8 20. Nxe5 Bxg2 21. Kxg2 Rb5 22. Nf3 Rh5 23. h4 Rxd6 24. Rc1 Qd7 25. Qd3 Nd5 26. Qxd4 Rg6 27. Rc4 Bd6 28. Rd1 h6 29. Qe4 Bxg3 30. fxg3 Re6 31. Ne5 Ne3+ 32. Qxe3 Qxd1 33. Rc8+ Kh7 34. Rh8+ Kxh8 35. Nxf7+ Kh7 36. Qxe6 Qb1 37. Qg4 1-0

[Event "Titled Tue 6th Dec Early"]
[Site "chess.com INT"]
[Date "2022.12.06"]
[Round "4"]
[White "Predke, A."]
[Black "Sarana, A."]
[Result "1-0"]
[WhiteElo "2684"]
[BlackElo "2668"]
[PlyCount "69"]
[EventDate "2022.12.06"]

1. Nf3 d5 2. g3 g6 3. Bg2 Bg7 4. d4 c6 5. O-O Nf6 6. a4 O-O ({RR} 6... a5 7. c4 O-O 8. cxd5 Nxd5 9. Bg5 h6 10. Bd2 Nb4 11. Nc3 Bg4 12. Qc1 Kh7 13. Rd1 N8a6 14. Bf4 Nc7 15. Ne5 Be6 16. e4 Qc8 17. Rd2 Bh3 18. Bxh3 Qxh3 19. Nxg6 fxg6 20. Bxc7 Rf3 21. Qf1 {Mamedyarov,S (2740)-Sarana,A (2668) Almaty KAZ 2022 ½-½ (49)}) ({RR} 6... Ne4 7. c4 dxc4 8. Qc2 Nd6 9. e4 Na6 10. Na3 Nb4 11. Qe2 Nd3 12. Rd1 Nxc1 13. Raxc1 Bg4 14. e5 Nf5 15. Nxc4 O-O 16. Qe4 Bxf3 17. Bxf3 e6 18. b4 h5 19. b5 Rc8 20. Ne3 Bh6 21. bxc6 {Svane,R (2646)-Sarana,A (2682) chess.com INT 2023 ½-½ (54)}) 7. a5 ({RR} 7. c4 Bf5 8. Ne5 Nbd7 9. a5 Bxb1 10. a6 Nxe5 11. axb7 Rb8 12. dxe5 Ne4 13. cxd5 cxd5 14. Rxb1 Rxb7 15. Bxe4 dxe4 16. Qa4 Qd5 17. Rd1 Qb3 18. Qxb3 Rxb3 19. Rd7 e6 20. Rxa7 Bxe5 21. Ra4 f5 {Garvin Mejia,R (1759)-Molina Ballesteros,J (1914) Medellin COL 2025 0-1 (31)}) 7... Bf5 8. Bf4 $146 ({RR} 8. c4 Na6 9. Qb3 Qc8 10. Nc3 dxc4 11. Qxc4 Be6 12. Qa4 Rd8 13. e4 Bh3 14. Be3 h6 15. Rad1 Bxg2 16. Kxg2 Qe6 17. Rfe1 g5 18. Bc1 b5 19. axb6 axb6 20. d5 cxd5 21. exd5 Qd6 22. Nd4 Nc5 {Daneshvar,B (2591)-Ponomariov,R (2646) Samarkand UZB 2023 ½-½ (92)}) 8... Nbd7 9. h3 h6 10. g4 Be4 11. Nbd2 Rc8 12. c3 h5 13. g5 Ne8 14. Nxe4 dxe4 15. Nd2 e5 16. dxe5 Bxe5 17. Bxe5 Nxe5 18. Nxe4 Qe7 19. Qd4 c5 20. Qe3 Nc4 21. Qf4 Kg7 22. Nf6 Ne5 23. Nd5 Qe6 24. Rfd1 Nd6 25. Qf6+ Qxf6 26. gxf6+ Kh6 27. Ne7 Rcd8 28. Rd5 Nec4 29. b3 Nb2 30. Ra2 Nb5 31. Rxb2 Nxc3 32. Rxc5 Rd1+ 33. Kh2 Nb1 34. Bxb7 Nd2 35. Bg2 1-0

[Event "Titled Tue 6th Dec Early"]
[Site "chess.com INT"]
[Date "2022.12.06"]
[Round "7"]
[White "Predke, A."]
[Black "Jobava, Ba"]
[Result "1-0"]
[WhiteElo "2684"]
[BlackElo "2578"]
[PlyCount "89"]
[EventDate "2022.12.06"]

1. Nf3 d5 2. g3 c6 3. Bg2 Nf6 4. O-O Bf5 5. c4 e6 6. d3 Nbd7 7. Qc2 h6 8. b3 Be7 9. Bb2 O-O 10. Nbd2 Bh7 11. Rad1 Re8 ({RR} 11... a5 12. a3 b5 13. cxb5 cxb5 14. Qb1 Qb6 15. Rc1 Rfc8 16. Rxc8+ Rxc8 17. Rc1 Rc7 18. Rxc7 Qxc7 19. Qc1 Qxc1+ 20. Bxc1 e5 21. Ne1 Bf5 22. Nc2 Nc5 23. Bb2 Bd6 24. Ne3 Be6 25. d4 exd4 26. Bxd4 {Froewis,G (2457)-Ragger,M (2679) Playchess.com INT 2020 1-0 (68)}) ({RR} 11... a5 12. Qb1 a4 13. Qa1 axb3 14. Nxb3 Qb6 15. Ne5 Nxe5 16. Bxe5 Qa6 17. cxd5 cxd5 18. Rd2 Rfc8 19. h3 Qa4 20. Rb1 b5 21. Qb2 b4 22. Rc1 Qa6 23. Rdc2 Bg6 24. Nd4 Nd7 25. Bxg7 Rxc2 26. Rxc2 {Srbis,J (2409)-Kreken,E (2303) chess.com INT 2024 1-0 (49)}) 12. e4 $146 ({RR} 12. Rfe1 a5 13. a3 Bf8 14. e4 dxe4 15. Nxe4 Nxe4 16. dxe4 Qc7 17. Qc3 Nc5 18. Ne5 f6 19. Nd3 Qb6 20. Nxc5 Bxc5 21. Qf3 Rad8 22. Bh3 e5 23. Bf5 Rxd1 24. Bxh7+ {½-½ (24) Hartoch,R-Besser,H Las Palmas 1973}) 12... dxe4 13. dxe4 Nc5 14. Ne5 a5 15. Rfe1 Qb6 16. Bd4 Rad8 17. Be3 a4 18. Rb1 Qc7 19. Bxc5 Bxc5 20. Nd3 Ba7 21. Rbd1 axb3 22. axb3 Ng4 23. c5 Rxd3 24. Qxd3 Bxc5 25. Rf1 g5 26. Qe2 Ne5 27. Nc4 Ng6 28. e5 Ra8 29. Rd2 Kg7 30. Rfd1 Nf8 31. Be4 Bxe4 32. Qxe4 Bb4 33. Rd3 Ra2 34. h4 Bc5 35. Rf3 Ng6 36. Nd6 Bxd6 37. exd6 Qd7 38. h5 Nf8 39. Qe5+ Kg8 40. Qf6 Nh7 41. Qe7 Nf8 42. Rxf7 Qxe7 43. Rxe7 Ra8 44. d7 Rd8 45. Re8 1-0

[Event "Titled Tue 6th Dec Late"]
[Site "chess.com INT"]
[Date "2022.12.06"]
[Round "6"]
[White "Andreikin, D."]
[Black "Xiong, Jeffery"]
[Result "1-0"]
[WhiteElo "2729"]
[BlackElo "2692"]
[PlyCount "93"]
[EventDate "2022.12.06"]

1. Nf3 d5 2. g3 Nc6 3. d4 Bf5 4. Bg2 Nb4 5. Na3 e6 6. O-O h6 7. c3 Nc6 8. Nc2 Nf6 ({RR} 8... Be4 9. Nd2 Bxg2 10. Kxg2 Nf6 11. Re1 Be7 12. e4 dxe4 13. Nxe4 Qd5 14. Qf3 O-O-O 15. Nd2 Rhe8 16. Ne3 Qxf3+ 17. Nxf3 b5 18. a4 a6 19. h4 Kb7 20. g4 Bd6 21. g5 hxg5 22. hxg5 Nd7 23. Rh1 {Ding,L (2753)-Rapport,R (2752) Baku 2016 ½-½ (71)}) 9. b3 ({RR} 9. a4 a5 10. Na3 Be7 11. Bf4 O-O 12. Nb5 Rc8 13. Rc1 Be4 14. Bh3 Nh5 15. Be3 Nf6 16. Ne5 Nxe5 17. dxe5 Nd7 18. f3 Bg6 19. f4 c6 20. Nd4 Be4 21. c4 Bc5 22. cxd5 cxd5 23. Qb3 Bb4 {Caruana,F (2803)-Kokoszczynski,J (2307) chess.com INT 2025 1-0 (34)}) 9... Be7 10. Bb2 O-O 11. Nce1 $146 ({RR} 11. c4 a5 12. Nd2 Nb4 13. Ne3 Bh7 14. a3 Na6 15. Bc3 c6 16. Qc1 b5 17. c5 b4 18. axb4 axb4 19. Bb2 Qc7 20. h3 Qb7 21. Ng4 Nc7 22. Ne5 Nb5 23. Rxa8 Rxa8 24. f4 Ra2 25. g4 Nd7 {Magalashvili,D (2456)-Morozevich,A (2659) Chess.com INT 2020 0-1}) 11... a5 12. a4 Ne4 13. Nd3 Bh7 14. Rc1 Nb8 15. Nd2 Nxd2 16. Qxd2 Na6 17. c4 c6 18. Rfd1 Qb6 19. Qc3 Rfd8 20. h4 Qc7 21. Bf3 Nb4 22. Nxb4 Bxb4 23. Qe3 Qe7 24. Kg2 Rd7 25. Bc3 Rad8 26. c5 Bxc3 27. Qxc3 Ra8 28. Ra1 Rdd8 29. e3 Rdb8 30. Rdc1 b6 31. Bd1 e5 32. cxb6 Rxb6 33. dxe5 Be4+ 34. f3 Bf5 35. Qc5 Qd8 36. Qd6 Qe8 37. g4 Bd7 38. f4 Rd8 39. Qc5 Rb4 40. Qxa5 Rdb8 41. Qc5 h5 42. a5 Bxg4 43. Bxg4 hxg4 44. a6 Qd8 45. a7 Qxh4 46. Rh1 Qd8 47. Qxb4 1-0

[Event "Titled Tue 6th Dec Late"]
[Site "chess.com INT"]
[Date "2022.12.06"]
[Round "8"]
[White "Chigaev, M."]
[Black "Martinez Alcantara, Jose Eduardo"]
[Result "1-0"]
[WhiteElo "2632"]
[BlackElo "2597"]
[PlyCount "83"]
[EventDate "2022.12.06"]

1. Nf3 c5 2. c4 Nc6 3. Nc3 g6 4. e3 Bg7 5. d4 d6 6. d5 Nb4 7. a3 Na6 8. e4 Nf6 9. h3 O-O 10. Bd3 e6 $146 ({RR} 10... e5 11. dxe6 Bxe6 12. O-O Nd7 13. Bg5 Bf6 14. Bh6 Re8 15. Qd2 Ne5 16. Nxe5 dxe5 17. Nd5 Bg7 18. Bg5 f6 19. Be3 Rc8 20. b4 b6 21. Rab1 Qd6 22. Rfd1 Kh8 23. Be2 f5 24. exf5 gxf5 25. f4 {Melkumyan,H (2645)-Martinez Alcantara,J (2599) Chess.com INT 2022 1-0 (65)}) 11. O-O Nc7 12. Bg5 h6 13. Be3 e5 14. b4 b6 15. Rb1 Nfe8 16. a4 cxb4 17. Rxb4 Na6 18. Rb1 Nc5 19. a5 Bd7 20. Bc2 Rb8 21. axb6 axb6 22. Nd2 f5 23. Bxc5 dxc5 24. Ba4 Nd6 25. Bxd7 Qxd7 26. Qa4 Qd8 27. Nb5 Qd7 28. Qc2 Nf7 29. Ra1 Rb7 30. Ra6 Ng5 31. Rfa1 fxe4 32. Nxe4 Nxe4 33. Qxe4 Rf4 34. Qxg6 Rf8 35. Ra8 Qe7 36. d6 Qf6 37. Rxf8+ Qxf8 38. Qe4 Rd7 39. Ra8 Rd8 40. Qd5+ Kh7 41. Rxd8 Qxd8 42. d7 1-0

[Event "chess.com SpeedChess 2022"]
[Site "chess.com INT"]
[Date "2022.12.06"]
[Round "1.28"]
[White "Carlsen, M."]
[Black "Gukesh, D."]
[Result "1-0"]
[WhiteElo "2859"]
[BlackElo "2725"]
[PlyCount "91"]
[EventDate "2022.11.23"]
[EventType "k.o."]

1. Nf3 d5 2. g3 Bg4 3. c4 Bxf3 4. exf3 c6 ({RR} 4... dxc4 5. Bxc4 e6 6. d4 Nf6 7. Nc3 c6 8. O-O Nbd7 9. Be3 Be7 10. Qe2 O-O 11. Rfd1 a5 12. a3 Nb6 13. Ba2 Nbd5 14. Ne4 Nxe3 15. Nxf6+ Bxf6 16. fxe3 Qb6 17. Rac1 Rfd8 18. Rc2 Rd7 19. Kg2 {Carlsen,M (2833)-Indjic,A (2650) chess.com INT 2025 1-0 (40)}) 5. Qb3 $146 ({RR} 5. cxd5 cxd5 6. Qb3 Qd7 7. Bg2 e6 8. d4 Nc6 9. O-O g6 10. Nc3 Nxd4 11. Qd1 Bg7 12. Re1 Ne7 13. Bg5 Nec6 14. Qa4 O-O 15. Rad1 a6 16. Rd3 Nf5 17. g4 Nd6 18. Nxd5 exd5 19. Rxd5 Rfe8 {Trubman,A-Strauss,D (2410) Jacksonville 1990 ½-½}) ({RR} 5. d4 e6 6. Qb3 Qd7 7. Nc3 Ne7 8. Be3 Nf5 9. Bh3 Nxe3 10. fxe3 Be7 11. cxd5 cxd5 12. e4 Nc6 13. O-O-O Na5 14. Qc2 Qd8 15. exd5 exd5 16. Qf5 O-O 17. Nxd5 Nc6 18. Kb1 Qd6 19. Nxe7+ Nxe7 {Carlsen,M (2861)-Keymer,V (2693) chess24.com INT 2022 1-0 (93)}) ({RR} 5. d4 e6 6. Nc3 Nf6 7. Be3 Be7 8. Qb3 Qb6 9. c5 Qc7 10. Bf4 Qc8 11. Bd3 Nbd7 12. Qd1 O-O 13. O-O g6 14. b4 b6 15. Re1 a5 16. a3 axb4 17. axb4 Qb7 18. Qc2 Rxa1 19. Rxa1 Ra8 {Ferey,A (2226)-Usov,A (2339) chess.com INT 2025 0-1 (48)}) 5... Qd7 6. d4 Nf6 7. Nc3 e6 8. h4 Be7 9. Be3 O-O 10. Rd1 dxc4 11. Bxc4 b5 12. Bd3 a5 13. O-O a4 14. Qc2 Na6 15. a3 Nc7 16. Ne4 g6 17. Bf4 Ncd5 18. Be5 Rfc8 19. Kg2 Ne8 20. Nc5 Bxc5 21. dxc5 f6 22. Bc3 Ng7 23. Be4 Qf7 24. f4 Nf5 25. Rfe1 Re8 26. h5 Kg7 27. hxg6 hxg6 28. Bxd5 exd5 29. g4 d4 30. gxf5 dxc3 31. Qxc3 Rxe1 32. Rxe1 Qd5+ 33. Qf3 Qxf3+ 34. Kxf3 Rd8 35. Re7+ Kh6 36. Re6 Kg7 37. Rxc6 Rd2 38. Rc7+ Kh6 39. Rc8 Rxb2 40. c6 Rc2 41. c7 Kg7 42. fxg6 b4 43. axb4 a3 44. Ra8 Rxc7 45. Rxa3 Kxg6 46. b5 1-0

[Event "chess.com SpeedChess 2022"]
[Site "chess.com INT"]
[Date "2022.12.07"]
[Round "1.42"]
[White "Nihal, Sarin"]
[Black "Giri, A."]
[Result "1-0"]
[WhiteElo "2670"]
[BlackElo "2764"]
[PlyCount "107"]
[EventDate "2022.11.23"]
[EventType "k.o."]

1. Nf3 Nf6 2. b3 g6 3. Bb2 Bg7 4. e3 O-O 5. d4 d6 6. Be2 Nbd7 7. O-O Re8 8. c4 c6 9. Nc3 e5 10. Rc1 e4 11. Nd2 h5 12. b4 Nf8 13. b5 h4 $146 ({RR} 13... c5 14. dxc5 dxc5 15. Nb3 b6 16. Qxd8 Rxd8 17. Rfd1 Be6 18. Rxd8 Rxd8 19. Rd1 Rxd1+ 20. Nxd1 N6d7 21. Bxg7 Kxg7 22. Nd2 f5 23. f4 exf3 24. gxf3 Ne5 25. h4 Nfd7 26. Kf2 Nf6 27. Nb2 Ne8 28. f4 {Principe,G (2158)-Demchenko,A (2609) chess.com INT 2024 ½-½ (71)}) 14. bxc6 bxc6 15. Qa4 Bd7 16. Ba3 c5 17. Qa6 cxd4 18. exd4 Ne6 19. Rfd1 Nxd4 20. Nf1 Nxe2+ 21. Nxe2 Qc8 22. Qxc8 Raxc8 23. h3 d5 24. cxd5 Rxc1 25. Bxc1 Rc8 26. Ne3 Bb5 27. Nd4 Ba4 28. Re1 Nd7 29. Nb3 Bxb3 30. axb3 Nc5 31. Ba3 Nxb3 32. d6 Rd8 33. Nd5 Nd4 34. Rxe4 Nb5 35. Ne7+ Kf8 36. Nc6 Rd7 37. Bc5 Nxd6 38. Rxh4 a6 39. Nb8 Rd8 40. Nc6 Rd7 41. Rb4 Kg8 42. Nb8 Rd8 43. Nxa6 Nf5 44. g3 Bd4 45. Kg2 Kg7 46. Rb7 Bxc5 47. Nxc5 Re8 48. Nd3 Nd4 49. Nf4 Ne6 50. Nd5 Rd8 51. Ne3 Rc8 52. h4 Rc5 53. Rd7 Re5 54. Nc4 1-0

[Event "chess.com SpeedChess 2022"]
[Site "chess.com INT"]
[Date "2022.12.08"]
[Round "1.31"]
[White "Nakamura, Hi"]
[Black "Paravyan, D."]
[Result "1-0"]
[WhiteElo "2768"]
[BlackElo "2586"]
[PlyCount "63"]
[EventDate "2022.11.23"]
[EventType "k.o."]

1. Nf3 Nf6 2. b3 c5 3. Bb2 Nc6 4. d4 ({RR} 4. g3 d6 5. Bg2 e5 6. O-O Be7 7. c4 O-O 8. Nc3 h6 9. d3 Be6 10. Rc1 a6 11. Nd2 d5 12. cxd5 Nxd5 13. Nde4 b6 14. e3 Rc8 15. Qe2 f5 16. Nd2 Ndb4 17. Nc4 b5 18. Nd2 Nxd3 {Javakhishvili,L (2426)-Narva,M (2398) Monaco MNC 2025 0-1 (48)}) 4... cxd4 5. Nxd4 Nxd4 6. Qxd4 g6 $146 ({RR} 6... d5 7. e3 e6 8. Bb5+ Bd7 9. Bxd7+ Qxd7 10. O-O b6 11. c4 Bc5 12. Qh4 Be7 13. Qg3 O-O 14. cxd5 Qxd5 15. Nc3 Qf5 16. e4 Qg6 17. Qf3 Qg4 18. Qxg4 Nxg4 19. Rad1 Rfd8 20. h3 Ne5 21. Nb5 {Doluhanova,E (2273)-Marochkina,Y (1872) FIDE Online Arena INT 2024 1-0}) 7. e4 Bg7 8. e5 O-O 9. Nc3 Ne8 10. O-O-O d6 11. f4 Bg4 12. Rd2 Nc7 13. Qe3 Qc8 14. exd6 exd6 15. Ne4 Bxb2+ 16. Kxb2 Ne8 17. Bc4 Bf5 18. Re1 Bxe4 19. Qxe4 Nf6 20. Qd4 Qd8 21. Qxd6 Kg7 22. Re7 Qxd6 23. Rxd6 b6 24. Rc6 h5 25. Rcc7 Kh6 26. Bxf7 Rac8 27. Rxa7 h4 28. a4 Rc5 29. Bc4 Rf5 30. g3 hxg3 31. hxg3 g5 32. Bd3 1-0

[Event "TCh-HUN 2022-23"]
[Site "Hungary HUN"]
[Date "2022.12.04"]
[Round "2.3"]
[White "Nenezic, M."]
[Black "Prohaszka, P2."]
[Result "1-0"]
[WhiteElo "2510"]
[BlackElo "2562"]
[PlyCount "97"]
[EventDate "2022.11.20"]
[EventType "team-tourn"]
[WhiteTeam "Aquarena Kobanya SC"]
[BlackTeam "Sentimento Ajka BSK"]

1. Nf3 d5 2. g3 Nd7 3. d4 Nb6 4. Nc3 Nf6 5. Bg2 Bf5 6. Nh4 e6 7. Nxf5 exf5 8. O-O c6 9. Qd3 Qd7 10. f3 Rd8 $146 ({RR} 10... Bb4 11. Nd1 O-O 12. Nf2 Nc4 13. e4 fxe4 14. fxe4 Nb6 15. e5 Ng4 16. Nd1 f6 17. h3 Nxe5 18. dxe5 fxe5 19. c3 Bd6 20. Qe2 Rxf1+ 21. Bxf1 e4 22. Qg4 Qxg4 23. hxg4 Bxg3 24. Kg2 Bd6 25. Ne3 {Grischuk,A (2745)-Levitskiy,A (2304) chess.com INT 2023 1-0 (35)}) 11. Bh3 g6 12. e4 dxe4 13. fxe4 Qxd4+ 14. Qxd4 Rxd4 15. exf5 Bg7 16. Re1+ Kf8 17. Be3 Nfd5 18. f6 Bxf6 19. Bh6+ Bg7 20. Re8+ Kxe8 21. Bxg7 f6 22. Re1+ Kf7 23. Bxh8 Nxc3 24. Be6+ Ke7 25. bxc3 Rd6 26. Bb3+ Kf8 27. Re6 Rxe6 28. Bxe6 Ke7 29. Bg8 Na4 30. Bxh7 Kf7 31. h4 Nxc3 32. g4 Nd5 33. h5 Nf4 34. hxg6+ Nxg6 35. Bxg6+ Kxg6 36. Kf2 f5 37. Bd4 fxg4 38. Bxa7 Kf5 39. Ke3 Ke5 40. Kd3 b5 41. Kc3 Kd5 42. Bf2 Ke4 43. Kb4 Kd5 44. a3 Kd6 45. Bg3+ Kd5 46. c3 Ke4 47. Kc5 Kd3 48. Kxc6 Kxc3 49. Kxb5 1-0

[Event "9th Sunway Sitges 2022"]
[Site "Sitges ESP"]
[Date "2022.12.17"]
[Round "6.7"]
[White "Esipenko, Andrey"]
[Black "Arjun, Kalyan"]
[Result "1-0"]
[WhiteElo "2678"]
[BlackElo "2505"]
[PlyCount "85"]
[EventDate "2022.12.12"]

1. Nf3 d5 2. g3 Bg4 3. Bg2 c6 4. O-O Nd7 5. h3 Bh5 6. d3 Ngf6 7. Qe1 e5 8. e4 Be7 9. exd5 Bxf3 10. Bxf3 Nxd5 11. Nc3 Nxc3 12. Qxc3 $146 ({RR} 12. bxc3 O-O 13. Rb1 Qc7 14. Bg2 Bc5 15. Kh2 Rfe8 16. Qe4 Nf6 17. Qc4 Bb6 18. Bg5 Re6 19. Rbe1 h6 20. Bc1 Rae8 21. Re2 Qd6 22. Rfe1 Nd5 23. Qb3 R6e7 24. Bd2 Nf6 25. a4 Qd7 26. c4 Bc5 {Fressinet,L (2667)-Rublevsky,S (2683) Paris 2017 ½-½ (59)}) 12... O-O 13. a4 a5 14. h4 Qb6 15. Qc4 Qd4 16. Qa2 Bc5 17. Bd2 Qd6 18. Qb3 Bb4 19. Be3 Rab8 20. Kg2 Nc5 21. Qc4 Ne6 22. c3 Bc5 23. Rfe1 Rbd8 24. Rad1 Bxe3 25. Rxe3 Rfe8 26. Rde1 Nc7 27. Qb3 b5 28. d4 exd4 29. Rxe8+ Nxe8 30. axb5 cxb5 31. Qxb5 Nc7 32. Qxa5 d3 33. c4 g6 34. Rd1 Na6 35. h5 Nb4 36. h6 Rc8 37. Qa3 Qf8 38. Qc3 Rb8 39. c5 Qxh6 40. c6 Nxc6 41. Bxc6 Rc8 42. b4 Qg5 43. Rxd3 1-0

[Event "13th Hainan Danzhou GM"]
[Site "Danzhou CHN"]
[Date "2022.12.13"]
[Round "4.1"]
[White "Rapport, R."]
[Black "Erigaisi, Arjun"]
[Result "1-0"]
[WhiteElo "2740"]
[BlackElo "2722"]
[PlyCount "71"]
[EventDate "2022.12.12"]

1. Nf3 d5 2. g3 g6 3. Bg2 Bg7 4. O-O c5 5. c4 Nf6 6. Nc3 O-O 7. d3 d4 8. Na4 Nfd7 ({RR} 8... Qc7 9. Bf4 Qa5 10. Bd2 Qc7 11. b4 cxb4 12. Bxb4 Nc6 13. Ba3 Re8 14. Nc5 h6 15. Rb1 b6 16. Nb3 e5 17. e3 dxe3 18. fxe3 Bb7 19. Nfd2 Rad8 20. Qe2 Qd7 21. Rxf6 Bxf6 22. Ne4 Be7 23. Bxe7 {Ponomariov,R (2631)-Efimenko,Z (2602) Chess.com INT 2020 ½-½ (48)}) 9. a3 ({RR} 9. b4 cxb4 10. a3 Nc6 11. axb4 Nxb4 12. Ba3 a5 13. Qb3 Nc6 14. Rfb1 Re8 15. Nb6 Nxb6 16. Qxb6 Qxb6 17. Rxb6 e5 18. Nd2 Bd7 19. Rxb7 Rad8 20. Rxd7 Rxd7 21. Bxc6 Red8 22. Bxd7 Rxd7 23. Bc5 f5 {Stojanovski,S (2169)-Flores,N (1974) chess.com INT 2024 1-0 (44)}) 9... a5 10. h4 $146 ({RR} 10. e3 Nc6 11. Re1 Rb8 12. Ng5 Qc7 13. exd4 cxd4 14. b4 axb4 15. axb4 b5 16. cxb5 Rxb5 17. Qc2 Ndb8 18. Bd2 Bf5 19. Rac1 h6 20. Ne4 Rc8 21. Qc4 Rb7 22. b5 Ne5 23. Qb3 Qd8 24. Nec5 Rbc7 {Ott,F (2250)-Oberst,T Germany 1990 1-0 (41)}) 10... h6 11. e3 Nc6 12. exd4 cxd4 13. c5 b5 14. cxb6 Nxb6 15. h5 gxh5 16. Nh2 Bd7 17. Nc5 Be8 18. Qxh5 Qd6 19. Ng4 f5 20. Nxh6+ Bxh6 21. Qxh6 Qxc5 22. Qg5+ Kf7 23. Bf4 Rg8 24. Qh5+ Ke6 25. Qe2+ Kf7 26. Rac1 Qb5 27. Rfe1 Rg6 28. Bxc6 Bxc6 29. Qxe7+ Kg8 30. Re6 Rg7 31. Qd6 Bb7 32. Rg6 Qe8 33. Rxg7+ Kxg7 34. Be5+ Kg8 35. Qf6 Qd7 36. Qg6+ 1-0

[Event "European Blitz 2022"]
[Site "Katowice POL"]
[Date "2022.12.16"]
[Round "9.2"]
[White "Kazakouski, Valery"]
[Black "Lagarde, Max"]
[Result "1-0"]
[WhiteElo "2539"]
[BlackElo "2584"]
[PlyCount "59"]
[EventDate "2022.12.16"]
[EventType "blitz"]

1. Nf3 f5 2. d3 Nc6 3. e4 e5 4. Nc3 Nf6 5. exf5 d5 6. d4 exd4 7. Nxd4 Nxd4 8. Qxd4 Bxf5 9. Bg5 c6 10. O-O-O Be7 11. g4 Bg6 12. h4 h6 $146 ({RR} 12... O-O 13. h5 Be4 14. Rh3 Nxg4 15. Bxe7 Qxe7 16. Nxe4 Qxe4 17. Qxe4 dxe4 18. Rd7 Ne5 19. Rxb7 Rxf2 20. Ba6 Rg2 21. b3 Rd8 22. h6 gxh6 23. Re7 Rd5 24. Re3 Rc5 25. Be2 Nd3+ 26. Kd1 Nf2+ 27. Kd2 {Reich,T (2382)-Schelle,A (2206) Munich 2012 1-0 (38)}) 13. Be3 O-O 14. g5 Ne4 15. Nxe4 Bxe4 16. Rg1 h5 17. Bd3 Bxd3 18. Qxd3 Qd7 19. c4 Rad8 20. Qg6 Qf5 21. Qxh5 dxc4 22. Rxd8 Rxd8 23. Qg4 Qxg4 24. Rxg4 b5 25. Re4 Kf8 26. f4 a6 27. h5 Rd5 28. Re6 Rd6 29. Rxe7 Kxe7 30. Bc5 1-0